| 000 | 01047cam a2200301 i 4500 | ||
|---|---|---|---|
| 001 | 52227 | ||
| 003 | Mx-PuUPA | ||
| 005 | 20240809131218.0 | ||
| 008 | 140415s2024 mx gr 000 f spa d | ||
| 020 | _a9786073840538 | ||
| 040 |
_cMx-PuUPA _aMx-PuUPA _bspa _dMx-PuUPA _erda |
||
| 041 | 0 | _aspa | |
| 100 | 1 |
_aLowry, Malcolm, _d1909-1957 _916053 _eautor |
|
| 245 | 1 | 3 |
_aLa mordida / _cMalcolm Lowry ; editada por Patrick A. McCarthy ; traducción de María Vinós |
| 250 | _aEdición crítica | ||
| 264 | 1 |
_aCiudad de México : _bPenguin Random House Grupo Editorial, _c©2023 |
|
| 300 |
_a589 páginas ; _c23 cm |
||
| 336 |
_2rdacontent _atexto _btxt |
||
| 337 |
_2rdamedia _asin medio _bn |
||
| 338 |
_2rdacarrier _avolumen _bnc |
||
| 650 | 7 |
_2armarc _aContrabando _vNovela |
|
| 651 | 4 |
_aMéxico _vNovela |
|
| 655 | 4 |
_2armarc _aNovela inglesa _ySiglo XX |
|
| 942 |
_2ddc _cLI _h823.91 _iL95 |
||
| 999 |
_c52227 _d52227 |
||